| 000 | 00381 a2200109 4500 | ||
|---|---|---|---|
| 001 | ART_23029 | ||
| 005 | 20260410161928.0 | ||
| 008 | 260409a | ||
| 245 | 1 | 0 | _aEl problema de la asimilación cultural |
| 100 | 1 | _aGini, Corrado | |
| 773 | 0 |
_tRevista de la Facultad de Ciencias Económicas de la Universidad de Cuyo _g- Año VII, Nº 22 (ene./abr. 1956) _wREV22981 |
|
| 999 |
_c28343 _d28343 |
||